Normal view
MARC view
- Hussain, Afzal
Entry Personal Name
001 - CONTROL NUMBER
- control field: 11215
003 - CONTROL NUMBER IDENTIFIER
- control field: NUST
005 - DATE AND TIME OF LATEST TRANSACTION
- control field: 20180625063953.0
008 - FIXED-LENGTH DATA ELEMENTS
- fixed length control field: 180625|| aca||aabn | a|a d
040 ## - CATALOGING SOURCE
- Original cataloging agency: NUST
- Transcribing agency: NUST
100 ## - HEADING--PERSONAL NAME
- Personal name: Hussain, Afzal
670 ## - SOURCE DATA FOUND
- Source citation: Work cat.: (NUST): Hussain, Afzal, Kashmir and human rights/, 2016
